Ligne 6 du Métro de Paris - Statistiques

Statistiques générales
  • Ce quiz a été pris 95 fois
  • Le résultat moyen est 20 sur 28
Statistiques - réponses
Stations Correspondances % Correct
Nation M1 2 9 / RER A
98%
Charles de Gaulle—Étoile M1 2 / RER A
94%
Bercy M14
92%
Montparnasse—Bienvenüe M4 12 13 / Transilien N
92%
Place d’Italie M5 7
90%
Bir-Hakeim (Tour Eiffel) RER C
82%
La Motte-Picquet—Grenelle M8 10
80%
Trocadéro M9
80%
Glacière
78%
Pasteur M12
74%
Denfert-Rochereau M4 / RER B
72%
Corvisart
68%
Edgar Quinet
68%
Kléber
68%
Quai de la Gare
68%
Raspail M4
68%
Saint-Jacques
68%
Daumesnil
66%
Passy
66%
Picpus
66%
Cambronne
64%
Chevaleret
64%
Dugommier M8
64%
Sèvres—Lecourbe
64%
Boissière
62%
Nationale
62%
Bel-Air
60%
Dupleix
60%
Aucun quiz correspondant
Distribution des résultats
% des personnes avec chaque résultat
Percentile par nombre de réponses
Votre historique - résultats
Vous n’avez pas pris ce quiz